| 000 | 00893nas a2200289 4500 | ||
|---|---|---|---|
| 001 | BR0405143 | ||
| 003 | BR-BrBNA | ||
| 005 | 20231205104930.0 | ||
| 007 | ta | ||
| 008 | 230509b bl.|||p| |||| 00| 00por d | ||
| 040 |
_aBR-BrBNA _bpor _cBiblioteca Nacional de Agricultura |
||
| 041 | _a(Pt) | ||
| 072 | _aF03; F02 | ||
| 100 | 1 | _aSchäfer, G. | |
| 100 | 1 | _aBastianel, M. | |
| 100 | 1 | _aDornelles, A.L.C. | |
| 245 | 1 | _aIdentificação de plântulas zigóticas de trifoliata com o uso de marcadores moleculares RAPD | |
| 650 | _aLIMOEIRO TRIFOLIADO | ||
| 650 | _aSEMENTE | ||
| 650 | _aPORTA ENXERTO | ||
| 650 | _aEMBRIÃO VEGETAL | ||
| 650 | _aGERMINAÇÃO | ||
| 650 | _aMARCADOR MOLECULAR | ||
| 773 | 0 |
_tPesquisa Agropecuária Brasileira (Brazil) _xISSN 0100-204X _g(Feb 2004), v. 39(2) p. 167-172 _wBR0405143 |
|
| 909 |
_a202311 _bLúcia _c55 _dLúcia Elande |
||
| 942 |
_2AGRIS _n0 _cANA |
||
| 999 |
_c180362 _d180362 |
||